000 00622nam a22001937a 4500
005 20241003125844.0
010 _aENG-120452 ENG-141882
020 _a9789386392787
_c1530.00
035 _aEN-103984
035 _aEN-125414
037 _bDBAD
082 _a306.09
245 _aFrontiers of environment:
_bissues in medieval and early modern India/
_cedited by Meena Bhargava
260 _aHyderabad
_bOrient Black Swan
_c2017
270 _a3-6-752,Himayantnagar ,
_bHyderabad(Telangana)
_e500029
300 _ax,305p.
_c22cm(Hb)
700 _aBhargava,Meena
_972324
942 _2ddc
_cEN
_h306.09
_mFRO
999 _c144937
_d144937